| 000 | 00591nam a2200193Ia 4500 | ||
|---|---|---|---|
| 005 | 20250326140555.0 | ||
| 008 | 250326s9999 xx 000 0 und d | ||
| 020 | _a0-88132-270-9 | ||
| 037 | _aTextbook | ||
| 040 |
_aFMSL _beng _cFMSL |
||
| 041 |
_aeng _2eng |
||
| 084 |
_aX:8D.1 N9 _qFMSL |
||
| 100 | _aEichengreen B | ||
| 245 | 0 |
_aTowards a new into ficial architecture:practical post-Asia agenda _cEichengreen B |
|
| 260 |
_aWashington _bWashington, Institute for Internation Economic _c1999 |
||
| 300 | _axv,189 | ||
| 942 |
_cTB _hX:8D.1 N9 |
||
| 999 |
_c1286375 _d1286375 |
||